MARC

LEADER 00000nas a2200000 a 4500
001 ssj0002081
003 WaSeSS
005 20200512172242.0
006 m d
007 cr n
008 750514d19742004oncqr p s 0 a0eng
010 |a  90649444   |z cn 75031347  
015 |a 750313471  |2 can 
016 |a (AMICUS)000000120532 
016 7 |a 011876158  |2 Uk 
022 |l 0316-0300  |y 0316-0300 
035 |a (WaSeSS)ssj0002081 
037 |b ECW Press, 1980 Queen St. East, 2nd floor, Toronto, Ontario, Canada M4L 1J2 
040 |a NLC  |b eng  |c NLC  |d OCL  |d NST  |d AIP  |d NLC  |d AIP  |d NST  |d IUL  |d NST  |d NSD  |d NST  |d NLC  |d DLC  |d NLC  |d DLC  |d NLC  |d NST  |d FXC  |d DLC  |d CUS  |d GUA  |d OCLCQ  |d NLGGC  |d HLS  |d CNTRU  |d OCLCQ  |d WAU  |d UKMGB  |d OCLCQ  |d OCLCF  |d P4I  |d OCLCO  |d OCLCQ  |d QE2  |d HUELT  |d NJR  |d RDF  |d OCLCQ  |d WaSeSS 
042 |a pcc  |a nlc  |a isds/c 
043 |a n-cn--- 
050 0 0 |a PR9180  |b .E86 
050 1 4 |a PS8001.E77 
055 0 1 |a PS8043 
082 0 0 |a 810.9/971/05  |2 20 
210 0 |a Essays Can. writ. 
222 0 |a Essays on Canadian writing 
245 0 0 |a Essays on Canadian writing  |h [electronic resource]. 
246 1 3 |a ECW 
260 |a Downsview, Ont. :  |b York University. 
310 |a Quarterly 
362 0 |a No. 1-83; winter 1974-fall 2004. 
506 |a License restrictions may limit access. 
550 |a Issued by: York University, 1974-<1983> 
588 |a Description based on: No. 37 (spring 1989); title from cover. 
650 0 |a Canadian literature  |x History and criticism  |v Periodicals. 
650 5 |a Canadian literature (English)  |x History and criticism  |v Periodicals. 
650 6 |a Littérature canadienne-anglaise  |x Histoire et critique  |v Périodiques. 
650 7 |a Canadian literature.  |2 fast  |0 (OCoLC)fst00845111 
650 1 7 |a Letterkunde.  |2 gtt 
653 |a English literature  |a Canadian writers  |a 1867-  |a Serials 
655 0 |a Electronic journals. 
710 2 |a York University (Toronto, Ont.) 
850 |a AzU  |a CU-I  |a CaBRC  |a CaMWUC  |a CaNBSU  |a CaNSH  |a CaOLU  |a CoFS  |a CoU  |a DLC  |a FU  |a ICU  |a ICarbS  |a IaAS  |a IaU  |a InLP  |a InU  |a KMK  |a MiU  |a MnU  |a NN  |a NcU  |a NjP  |a ViW  |a VtU  |a WaU 
853 2 0 |8 1  |a no.  |i (year)  |j (season)  |w x 
856 4 0 |z Full text available from Research Library: 01/01/1993 to 01/31/2002  |u https://search.proquest.com/publication/32282 
863 4 1 |8 1.1  |a <73>  |i <2001>  |j <21> 
886 2 |2 canmarc  |a 990  |b 10  |a 91001ab  |b 71001a